Central Library OPAC University of Rajshahi

Essays in conceptual analysis / (Record no. 32125)

MARC details
000 -LEADER
fixed length control field 00764cam a2200241 a 4500
001 - CONTROL NUMBER
control field 32125
003 - CONTROL NUMBER IDENTIFIER
rucl marc code BD-RjUL
005 - DATE AND TIME OF LATEST TRANSACTION
control field 20211209051807.0
008 - FIXED-LENGTH DATA ELEMENTS--GENERAL INFORMATION
fixed length control field 140423r19601956enk b 000 0 eng d
035 ## - SYSTEM CONTROL NUMBER
System control number (BD-RjUL)32214
040 ## - CATALOGING SOURCE
Original cataloging agency VBX
Language of cataloging eng
Transcribing agency VBX
Modifying agency BD-RjUL
041 ## - LANGUAGE CODE
Language code of text/sound track or separate title eng
082 04 - DEWEY DECIMAL CLASSIFICATION NUMBER
Classification number 160.4
Edition number 19
Author mark and year ESS 1960
245 00 - TITLE STATEMENT
Title Essays in conceptual analysis /
Statement of responsibility, etc. by H. Brotman... [et al.] ; selected and edited by Antony Flew.
260 ## - PUBLICATION, DISTRIBUTION, ETC. (IMPRINT)
Place of publication, distribution, etc. London ;
Name of publisher, distributor, etc. Macmillan ;
Place of publication, distribution, etc. New York :
Name of publisher, distributor, etc. St. Martin's Press,
Date of publication, distribution, etc. 1956 [Reprinted 1960].
300 ## - PHYSICAL DESCRIPTION
Pagination xi, 265 p. ;
Size 21 cm.
490 0# - SERIES STATEMENT
Series statement Papermac ;
Volume/sequential designation 172
504 ## - BIBLIOGRAPHY, ETC. NOTE
Bibliography, etc Includes bibliographical references.
650 #0 - SUBJECT ADDED ENTRY--TOPICAL TERM
Topical term or geographic name as entry element Logic.
9 (RLIN) 97778
700 1# - ADDED ENTRY--PERSONAL NAME
Personal name Flew, Antony,
Dates associated with a name 1923-
Personal name Brotman, H.
942 ## - ADDED ENTRY ELEMENTS (KOHA)
Source of classification or shelving scheme Dewey Decimal Classification
Koha item type Books
Holdings
Lost status Source of classification or shelving scheme Damaged status Not for loan Collection code Permanent Location Current Location Shelving location Date acquired Source of acquisition Cost, normal purchase price Total Checkouts Full call number Date last seen Copy number Koha item type
  Dewey Decimal Classification   Not For Loan Non-fiction Central Library, University of Rajshahi Central Library, University of Rajshahi Reading Room 06/03/1963 Zeitlinger 18.00   160.4 ESS 1960 23/04/2014 C-1 Books